| 000 | 00745nam a2200205Ia 4500 | ||
|---|---|---|---|
| 001 | 338 | ||
| 003 | GE_BSU | ||
| 008 | 181216s||||||||xx |||||||||||||| ||und|| | ||
| 040 | _cGE_BSU | ||
| 100 | _aგონიკიშვილი,მიხეილ | ||
| 245 | _aბაგრატიონთა დასახლება და მოღვაწეობა რუსეთში | ||
| 245 | _cრედ. თოგოშვილი გ. | ||
| 260 | _aთბილისი | ||
| 260 | _bმეცნიერება | ||
| 260 | _c1986 | ||
| 300 | _a326გვ. | ||
| 541 | _h8ლ. | ||
| 653 | _aბაგრატიონთა დასახლება და მოღვაწეობა რუსეთში | ||
| 942 | _cBK | ||
| 999 |
_c34577 _d34577 |
||